[Event "ch-FRA Blitz Online Qual"]
[Site "Europe-Chess INT"]
[Date "2020.05.16"]
[Round "5"]
[White "Boulos, Carlos"]
[Black "Cassam-Chenai, Antoine"]
[Result "0-1"]
[WhiteElo "2147"]
[BlackElo "1839"]
[WhiteFideId "5302749"]
[BlackFideId "36087866"]
[EventDate "2020.05.16"]

1. e4 c5 2. Nc3 Nc6 3. f4 g6 4. Nf3 Bg7 5. Bb5 Nd4 6. a4 e6 7. e5 Ne7 8. Ne4 O-O
9. c3 Nxb5 10. axb5 Nf5 11. O-O d5 12. Nxc5 d4 13. Kh1 Qb6 14. Ne4 dxc3 15. dxc3
Qxb5 16. Nd4 Nxd4 17. cxd4 Qd5 18. Nc3 Qd8 19. Be3 b6 20. Qf3 Bd7 21. Qb7 a5 22.
d5 exd5 23. Qxd5 Bf5 24. Rfd1 Qb8 25. Nb5 Be6 26. Qd6 Qb7 27. Nc7 Bh3 28. Rd2
Rac8 29. Nd5 Be6 30. Nf6+ Bxf6 31. exf6 b5 32. Rad1 Qe4 33. Bc5 Bg4 34. Rg1 Rfe8
35. Qd4 Qc6 36. Be7 Qe6 37. Rf1 Rc4 38. Qd3 Bf5 39. Qg3 h5 40. Rfd1 Re4 41. h3
Re2 42. Rxe2 Qxe2 43. Re1 Qxb2 44. Qg5 Kh7 45. Rg1 Qe2 46. Bc5 Qe4 47. Kh2 Rc8
48. Be7 Rc4 49. Bf8 Qxf4+ 50. Qxf4 Rxf4 51. Ra1 Ra4 52. Rc1 Rc4 53. Ra1 a4 54.
Kg3 Kg8 55. Be7 Kh7 56. Kf2 Kh6 57. Rd1 Kg5 58. Ra1 Kf4 59. Bd6+ Kg5 60. Be7 Bc2
61. g3 Bb3 62. h4+ Kf5 63. Bd8 Rc2+ 64. Ke3 b4 65. Rf1+ Kg4 66. Be7 Rc4 67. Bd6
a3 68. Kd3 a2 69. Ra1 Rc3+ 70. Kd2 Rc4 71. Be5 Re4 72. Bb2 Bc4 73. Rg1 Re2+ 74.
Kc1 b3 75. Be5 Rc2+ 76. Kd1 Kf5 77. Ba1 Ke4 78. Re1+ Kf3 79. Bd4 Be2+ 80. Rxe2
Rxe2 0-1

[Event "ch-FRA Blitz Online Qual"]
[Site "Europe-Chess INT"]
[Date "2020.05.16"]
[Round "5"]
[White "Cornileau, Juliette"]
[Black "Quere, Alexandre"]
[Result "0-1"]
[WhiteElo "1872"]
[BlackElo "2022"]
[WhiteFideId "36083372"]
[BlackFideId "631086"]
[EventDate "2020.05.16"]

1. d4 Nf6 2. c4 g6 3. Nc3 Bg7 4. e4 d6 5. Nf3 O-O 6. Be2 Na6 7. O-O e5 8. Be3
Ng4 9. Bg5 f6 10. Bc1 h5 11. b3 Nb4 12. Ba3 a5 13. Nd5 Nc6 14. Nc3 exd4 15. Nxd4
f5 16. Ndb5 fxe4 17. Qd5+ Kh7 18. Qxe4 Bf5 19. Qe3 Qd7 20. Qd2 Rae8 21. Rad1 Be5
22. f4 Bxc3 23. Nxc3 Ne3 24. c5 Nxf1 25. Rxf1 dxc5 26. Rd1 Qxd2 27. Rxd2 b6 28.
Nd5 Nd4 29. Bc4 Rc8 30. Kf2 Kg7 31. Bb2 Kh6 32. Bxd4 cxd4 33. Rxd4 Be6 34. Rd2
Bxd5 35. Rxd5 Rxf4+ 36. Ke3 Rf5 37. Rd7 c6 38. Re7 b5 39. Be6 Re5+ 40. Kd4 Rxe6
41. Rxe6 Rd8+ 42. Kc5 Rd2 43. Rxc6 Rxa2 44. Kxb5 Rxg2 45. Kxa5 Rxh2 46. b4 Rb2
47. b5 h4 48. b6 h3 49. Rc8 h2 50. Rh8+ Kg5 51. Ka6 Kg4 52. b7 Kg3 53. Ka7 g5
54. b8=Q+ Rxb8 55. Kxb8 Kg2 56. Kc7 h1=Q 57. Rxh1 Kxh1 58. Kd6 g4 59. Ke5 g3 60.
Kf4 g2 61. Kf3 g1=Q 0-1

[Event "ch-FRA Blitz Online Qual"]
[Site "Europe-Chess INT"]
[Date "2020.05.16"]
[Round "5"]
[White "Kuhn, Mathilde"]
[Black "Zanin, Dario"]
[Result "1-0"]
[WhiteElo "1764"]
[BlackElo "1918"]
[WhiteFideId "36099783"]
[BlackFideId "615919"]
[EventDate "2020.05.16"]

1. e4 e5 2. Nf3 Nc6 3. d4 exd4 4. Bc4 Nf6 5. e5 d5 6. Bb5 Ne4 7. Nxd4 Bd7 8.
Bxc6 bxc6 9. O-O Bc5 10. Be3 O-O 11. f3 Ng5 12. f4 Ne6 13. c3 Rb8 14. Qd2 Nxd4
15. Bxd4 Bxd4+ 16. cxd4 g6 17. Nc3 Qe7 18. Rac1 Qb4 19. b3 c5 20. dxc5 Qxc5+ 21.
Kh1 c6 22. Ne4 Qe7 23. Nf6+ Kg7 24. Qc3 Be6 25. Qxc6 Rfc8 26. Qa6 Rxc1 27. Rxc1
Rb6 28. Qe2 d4 29. Qd3 Qb4 30. Rd1 Rc6 31. h3 Qa3 32. Qxd4 Qxa2 33. Qd8 Qa3 34.
Qg8+ Kh6 35. Qxh7# 1-0

[Event "ch-FRA Blitz Online Qual"]
[Site "Europe-Chess INT"]
[Date "2020.05.16"]
[Round "5"]
[White "Babaud, Antoine"]
[Black "Breuil, Virgile"]
[Result "0-1"]
[WhiteElo "1943"]
[BlackElo "1622"]
[WhiteFideId "45185484"]
[BlackFideId "45163693"]
[EventDate "2020.05.16"]

1. d4 d5 2. c4 c6 3. Nf3 Nf6 4. cxd5 cxd5 5. Nc3 Nc6 6. Bf4 b6 7. e3 Bb7 8. Be2
e6 9. O-O Bd6 10. Bg3 O-O 11. Rc1 Rc8 12. Bd3 Nb4 13. Bb1 Nc6 14. a3 Bxg3 15.
hxg3 Re8 16. Qd3 Na5 17. g4 g6 18. g5 Ne4 19. g3 Nxg5 20. Nxg5 Qxg5 21. Kg2 Nb3
22. Rce1 Na5 23. Rh1 Nc4 24. Qc2 e5 25. f4 Qg4 26. fxe5 Nxe5 27. Qe2 Qxe2+ 28.
Rxe2 Nc4 29. Rhe1 Rc7 30. Ba2 Ba6 31. Bxc4 Bxc4 32. Rf2 Rce7 33. Rf3 Rd7 34. Kf2
f5 35. Rf4 Rf8 36. Rh4 g5 37. Rh5 Rg7 38. Rg1 f4 39. gxf4 gxf4 40. Rxg7+ Kxg7
41. Rg5+ Kh6 42. Re5 fxe3+ 43. Kxe3 Rd8 44. Re7 a5 45. Re6+ Kg7 46. Rxb6 h5 47.
Kf4 h4 48. Kg4 Rh8 49. Kh3 Bf1+ 50. Kh2 h3 51. Nxd5 Rd8 52. Nf4 Rxd4 53. Nxh3
Rd2+ 54. Kg1 Bxh3 55. b4 axb4 56. axb4 Bd7 57. Kf1 Kf7 58. Rb7 Ke7 59. Ke1 Rb2
60. Kd1 Kd6 61. Kc1 Rh2 62. Rb6+ Kc7 63. Rg6 Rh4 64. Kc2 Rxb4 65. Kc3 Rh4 66.
Rg7 Kd6 67. Kd3 Rh5 68. Ke3 Be6 69. Kd3 Rf5 70. Ke3 Ke5 71. Ra7 Rh5 72. Ra5+ Bd5
73. Ra7 Rh3+ 74. Kf2 Kf4 75. Ra4+ Be4 76. Ra7 Rh2+ 77. Kg1 Rg2+ 78. Kf1 Rc2 79.
Ke1 Ke3 80. Ra3+ Bd3 81. Kd1 Rb2 82. Rc3 Kd4 83. Rc8 Rh2 84. Rd8+ Kc3 85. Rc8+
Kd4 86. Rd8+ Ke3 87. Re8+ Be4 88. Kc1 Rc2+ 89. Kd1 Rc4 90. Rf8 Bf3+ 91. Rxf3+
Kxf3 0-1

[Event "ch-FRA Blitz Online Qual"]
[Site "Europe-Chess INT"]
[Date "2020.05.16"]
[Round "5"]
[White "Suspene, Jacques"]
[Black "Blachon, Pascal"]
[Result "0-1"]
[WhiteElo "1610"]
[BlackElo "1955"]
[WhiteFideId "651023059"]
[BlackFideId "636320"]
[EventDate "2020.05.16"]

1. e4 d5 2. exd5 c6 3. dxc6 Nxc6 4. Nf3 e5 5. Bc4 Nf6 6. O-O Bg4 7. d3 Bd6 8.
Re1 O-O 9. Be3 Na5 10. Bb3 Nxb3 11. axb3 a6 12. Nbd2 Re8 13. h3 Bh5 14. Bg5 Qc7
15. Bxf6 gxf6 16. Ne4 Be7 17. Qd2 Kh8 18. Qh6 Bg6 19. Re2 Rg8 20. Kh1 Qc6 21.
Nh4 f5 22. Ng5 Bf8 23. Nxg6+ Qxg6 24. Qxg6 fxg6 25. Nf7+ Kg7 26. Nxe5 Re8 27.
Rae1 Bb4 28. c3 Bd6 29. Nc4 Rxe2 30. Rxe2 Rd8 31. Nxd6 Rxd6 32. Re7+ Kh6 33.
Rxb7 Rxd3 34. Rb6 Rd2 0-1

[Event "ch-FRA Blitz Online Qual"]
[Site "Europe-Chess INT"]
[Date "2020.05.16"]
[Round "5"]
[White "Douchez, Tony"]
[Black "Partac, Elena"]
[Result "0-1"]
[BlackTitle "WGM"]
[WhiteElo "1630"]
[BlackElo "2079"]
[WhiteFideId "36087785"]
[BlackFideId "13901001"]
[EventDate "2020.05.16"]

1. e4 c5 2. Nf3 e6 3. d4 cxd4 4. Nxd4 Nf6 5. f3 Nc6 6. Be3 Be7 7. a3 O-O 8. Nc3
d5 9. exd5 exd5 10. Be2 Re8 11. Qd2 a6 12. O-O Ne5 13. Rad1 Bd7 14. Bf4 Nc6 15.
Bg5 Bc5 16. Be3 Qe7 17. Nxc6 Bxe3+ 18. Kh1 bxc6 19. Qe1 Bf5 20. Bd3 Bxd3 21.
Rxd3 Bc5 22. Qg3 Qe5 23. Qh4 Rab8 24. b4 Ba7 25. Nd1 Qe2 26. Rf2 Qe1+ 27. Rf1
Qxf1# 0-1

[Event "ch-FRA Blitz Online Qual"]
[Site "Europe-Chess INT"]
[Date "2020.05.16"]
[Round "5"]
[White "Lavanant, Alexandre"]
[Black "Menoux, Joachim"]
[Result "1-0"]
[WhiteElo "1937"]
[BlackElo "1627"]
[WhiteFideId "654949"]
[BlackFideId "36066206"]
[EventDate "2020.05.16"]

1. d4 Nf6 2. Bg5 g6 3. Bxf6 exf6 4. e3 Bg7 5. g3 O-O 6. Bg2 d5 7. Ne2 f5 8. O-O
Be6 9. Nd2 Nd7 10. b3 Nf6 11. Rc1 Ne4 12. c4 c6 13. Nf4 Qa5 14. Nxe4 fxe4 15.
cxd5 Bxd5 16. Qc2 Rac8 17. Qb2 Rfe8 18. a3 Qb6 19. b4 a5 20. Rc5 axb4 21. axb4
Be6 22. Nxe6 Rxe6 23. Rb1 h5 24. Qb3 Rce8 25. b5 Bf8 26. Rcc1 c5 27. Bh3 Rf6 28.
dxc5 Bxc5 29. Qd5 Bf8 30. Bg2 Rfe6 31. Rd1 Re5 32. Qc4 Rc5 33. Qb3 Bg7 34. Rd7
Rf5 35. Bh3 Rf3 36. Bg2 Rf6 37. Rbd1 Qe6 38. Qb4 Rxf2 39. Kxf2 Qf6+ 40. Kg1 Qe6
41. Qd6 Qb3 42. Qd5 Qxe3+ 43. Kh1 Qc3 44. Qxf7+ Kh7 45. Qxe8 Qe5 46. Qf7 Qb2 47.
Qxg7+ Qxg7 48. Rxg7+ Kxg7 49. Bxe4 Kf6 50. Bxb7 Kg5 51. Bc6 Kg4 52. b6 Kg5 53.
b7 Kf5 54. b8=Q Kg5 55. Qe5+ Kh6 56. Qf4+ Kg7 57. Rd7+ Kg8 58. Qb8# 1-0

[Event "ch-FRA Blitz Online Qual"]
[Site "Europe-Chess INT"]
[Date "2020.05.16"]
[Round "5"]
[White "Ciarletta, Ulysse"]
[Black "Roux, Baptiste"]
[Result "0-1"]
[WhiteElo "1599"]
[BlackElo "2145"]
[WhiteFideId "45133000"]
[BlackFideId "36017450"]
[EventDate "2020.05.16"]

1. d4 d5 2. c4 dxc4 3. e4 e5 4. dxe5 Qxd1+ 5. Kxd1 Nc6 6. Bxc4 Nxe5 7. Bb3 Nf6
8. Nc3 Neg4 9. Ke2 Bc5 10. Be3 Nxe3 11. fxe3 c6 12. Nf3 O-O 13. h3 h6 14. Rad1
Re8 15. Bc2 Nh5 16. Kf2 a5 17. g4 Nf6 18. e5 Nd7 19. Ne4 Bb6 20. Nd6 Re7 21.
Nxc8 Rxc8 22. Bf5 Rd8 23. Bxd7 Rexd7 24. Rxd7 Rxd7 25. Ke2 Kf8 26. Rb1 Ke7 27.
b4 a4 28. b5 c5 29. Rc1 Ke6 30. Rc4 a3 31. Ra4 Bc7 32. Rxa3 Bxe5 33. Nxe5 Kxe5
34. Rd3 Rxd3 35. Kxd3 b6 36. a4 Kd5 37. e4+ Kd6 38. Kc4 g5 39. Kd3 f6 40. Kc4
Ke6 41. Kd3 Ke5 42. Ke3 c4 43. Kd2 Kd6 44. Kc3 Kc5 45. a5 bxa5 46. b6 Kxb6 47.
Kxc4 Kc6 48. Kd4 Kd6 0-1

[Event "ch-FRA Blitz Online Qual"]
[Site "Europe-Chess INT"]
[Date "2020.05.16"]
[Round "5"]
[White "Stoll, Lucia"]
[Black "Deschamps, Quentin"]
[Result "1-0"]
[WhiteElo "1561"]
[BlackElo "1908"]
[WhiteFideId "45133301"]
[BlackFideId "26010119"]
[EventDate "2020.05.16"]

1. e4 e6 2. d4 d5 3. e5 c5 4. c3 Qb6 5. Nf3 Nc6 6. a3 Nh6 7. b4 cxd4 8. cxd4 Nf5
9. Be3 Be7 10. Bd3 Bd7 11. O-O Rc8 12. Nbd2 Nfxd4 13. Nxd4 Nxd4 14. Nb3 Ba4 15.
Bxd4 Bxb3 16. Bxb6 Bxd1 17. Bb5+ Kf8 18. Bxa7 Bb3 19. Rfc1 Ra8 20. f3 g6 21. Be3
Kg7 22. Rc7 Bxb4 23. Rb1 Rxa3 24. Bc1 Ba5 25. Rxb7 Bc2 26. Bxa3 Bxb1 27. Be7 Rc8
28. Bf6+ Kg8 29. Bd7 Ra8 30. Rxb1 d4 31. Bc6 Rc8 32. Be4 Bc3 33. Kf2 h6 34. h4
Kh7 35. h5 Rg8 36. hxg6+ fxg6 37. Rb7+ Rg7 38. Rxg7+ Kh8 39. Bxg6 d3 40. Bxd3
Bd4+ 41. Ke2 h5 42. Rg5# 1-0

[Event "ch-FRA Blitz Online Qual"]
[Site "Europe-Chess INT"]
[Date "2020.05.16"]
[Round "5"]
[White "Ben Mohamed, Kader"]
[Black "Baudouin, Simon"]
[Result "0-1"]
[WhiteElo "1591"]
[BlackElo "1926"]
[WhiteFideId "45118523"]
[BlackFideId "36051284"]
[EventDate "2020.05.16"]

1. f4 Nf6 2. Nf3 g6 3. b3 Bg7 4. Bb2 O-O 5. e3 c5 6. Be2 d6 7. O-O Nc6 8. d4
cxd4 9. Nxd4 Nxd4 10. Bxd4 Bf5 11. Bd3 Bg4 12. Be2 Bf5 13. Bd3 Bxd3 14. cxd3 Rc8
15. Nd2 a6 16. Rc1 Qa5 17. a4 b5 18. axb5 axb5 19. Ra1 Qb4 20. Qe2 Nd5 21. Bxg7
Kxg7 22. Rfc1 Nc3 23. Qf3 d5 24. Rc2 d4 25. exd4 Qxd4+ 26. Qf2 Rfd8 27. Qxd4+
Rxd4 28. Rac1 b4 29. Nc4 Rxd3 30. Ne5 Rd4 31. Nf3 Rxf4 32. Ne5 Re4 33. Nc4 Ne2+
34. Rxe2 Rxe2 35. Kf1 Ra2 36. Re1 e6 37. Nd6 Rcc2 38. Ne8+ Kf8 39. Nf6 Rf2+ 40.
Kg1 Rxf6 0-1

[Event "ch-FRA Blitz Online Qual"]
[Site "Europe-Chess INT"]
[Date "2020.05.16"]
[Round "5"]
[White "Macqueron, Gregory"]
[Black "Dincov, Matei"]
[Result "1-0"]
[WhiteElo "1927"]
[BlackElo "1714"]
[WhiteFideId "551004240"]
[BlackFideId "45118620"]
[EventDate "2020.05.16"]

1. e4 e5 2. Bc4 Nc6 3. Nf3 Nf6 4. d4 exd4 5. e5 d5 6. Bb5 Ne4 7. Nxd4 Bd7 8.
Bxc6 bxc6 9. O-O Bc5 10. f3 Ng5 11. Be3 O-O 12. f4 Ne4 13. Nd2 Nxd2 14. Qxd2 Re8
15. a4 f6 16. Nb3 Bxe3+ 17. Qxe3 fxe5 18. fxe5 Qe7 19. Rae1 Rab8 20. Qxa7 Rb4
21. a5 Bg4 22. h3 Bh5 23. a6 Bg6 24. Rf2 Ra4 25. Nc5 Ra5 26. b4 Rb5 27. c3 h6
28. e6 Qd6 29. Ref1 Qg3 30. Nd7 Rxe6 31. Qa8+ Re8 32. Rf8+ Kh7 33. Rxe8 Bxe8 34.
Qxe8 Qxc3 35. Nf8+ 1-0

[Event "ch-FRA Blitz Online Qual"]
[Site "Europe-Chess INT"]
[Date "2020.05.16"]
[Round "5"]
[White "Tomasi, Elise"]
[Black "Duprey, Francois-xavier"]
[Result "1-0"]
[WhiteElo "2030"]
[BlackElo "1613"]
[WhiteFideId "26088843"]
[BlackFideId "20612516"]
[EventDate "2020.05.16"]

1. d4 Nf6 2. Nf3 d5 3. g3 Bf5 4. Bg2 e6 5. O-O Bd6 6. c4 dxc4 7. Nbd2 O-O 8.
Nxc4 Nc6 9. b3 Rb8 10. Bb2 a6 11. Nfd2 Bg6 12. Rc1 Be7 13. Nf3 Re8 14. Nfe5 Nxe5
15. Nxe5 Nd5 16. e4 Nb4 17. a3 Nc6 18. Nxc6 bxc6 19. Rxc6 Rb6 20. Rxb6 cxb6 21.
Qe2 b5 22. Rc1 Qa5 23. b4 Qb6 24. e5 a5 25. Rc6 Qa7 26. Qxb5 axb4 27. Ra6 Qc7
28. Qxe8+ 1-0

[Event "ch-FRA Blitz Online Qual"]
[Site "Europe-Chess INT"]
[Date "2020.05.16"]
[Round "5"]
[White "Lesueur, Gabriel"]
[Black "Hucault, Christophe"]
[Result "1-0"]
[WhiteElo "1906"]
[BlackElo "1612"]
[WhiteFideId "45186359"]
[BlackFideId "26057336"]
[EventDate "2020.05.16"]

1. e4 c5 2. d4 cxd4 3. Nf3 e6 4. Nxd4 Nf6 5. Nc3 Nc6 6. Nxc6 bxc6 7. e5 Nd5 8.
Ne4 Qc7 9. f4 Bb7 10. c4 Nb4 11. a3 Na6 12. Be2 c5 13. Nd6+ Bxd6 14. exd6 Qc6
15. Bf3 Qc8 16. O-O Bxf3 17. Qxf3 O-O 18. f5 exf5 19. Qxf5 Qc6 20. Bf4 Rab8 21.
Qg4 Kh8 22. Rad1 Rxb2 23. Be5 f6 24. Bxb2 1-0

[Event "ch-FRA Blitz Online Qual"]
[Site "Europe-Chess INT"]
[Date "2020.05.16"]
[Round "5"]
[White "Robine, Guillaume"]
[Black "Benayoun, Omri"]
[Result "1-0"]
[WhiteElo "1571"]
[BlackElo "1901"]
[WhiteFideId "45127352"]
[BlackFideId "45113807"]
[EventDate "2020.05.16"]

1. e4 c5 2. Nc3 Nc6 3. f4 e6 4. Nf3 d5 5. Bb5 Nf6 6. exd5 exd5 7. Qe2+ Be7 8.
Bxc6+ bxc6 9. O-O O-O 10. d3 Rb8 11. b3 Re8 12. Qf2 Bd6 13. Ba3 Qa5 14. Na4 Bxf4
15. Rfe1 Bg4 16. Bxc5 Bxf3 17. gxf3 a6 18. c4 dxc4 19. dxc4 Qc7 20. Rad1 h6 21.
Nc3 Rbd8 22. Kg2 Rxd1 23. Rxd1 Bxh2 24. Qh4 Bf4 25. Qh3 Bg5 26. Qf5 Qf4 27. Qxf4
Bxf4 28. Bd6 1-0

[Event "ch-FRA Blitz Online Qual"]
[Site "Europe-Chess INT"]
[Date "2020.05.16"]
[Round "5"]
[White "Nineuil, Vincent"]
[Black "Andre, Sebastien"]
[Result "1-0"]
[WhiteElo "1920"]
[BlackElo "1610"]
[WhiteFideId "688380"]
[BlackFideId "26016982"]
[EventDate "2020.05.16"]

1. e4 e6 2. d4 d5 3. Nc3 Bb4 4. e5 c5 5. a3 Bxc3+ 6. bxc3 Qa5 7. Bd2 Qa4 8. h4
b6 9. h5 Ba6 10. Bxa6 Nxa6 11. Qg4 Qxc2 12. Qxg7 O-O-O 13. Qxh8 Qe4+ 14. Ne2
cxd4 15. cxd4 Ne7 16. Qf6 Nc6 17. Rc1 Kc7 18. Qf3 Kb7 19. Qxe4 dxe4 20. Be3 Nc7
21. g3 Nd5 22. O-O Rg8 23. Kg2 Nce7 24. Nf4 Nxe3+ 25. fxe3 Nf5 26. Kf2 Rxg3 27.
Rc3 Rf3+ 28. Ke1 Rxe3+ 29. Rxe3 Nxe3 30. Rg1 Nc2+ 31. Kd2 Nxd4 32. Rg7 Kc6 33.
Rxf7 Nf3+ 34. Ke3 Nxe5 35. Rxh7 Nc4+ 36. Kxe4 Nxa3 37. Nxe6 Nc4 38. Nd8+ Kb5 39.
Rxa7 Nd6+ 40. Kd5 Nf5 41. Ne6 Kb4 42. Ke5 Nh6 43. Kf6 b5 44. Kg6 Ng8 45. h6 Nxh6
46. Kxh6 Kc3 47. Nc7 b4 48. Nd5+ Kc2 49. Nxb4+ 1-0

[Event "ch-FRA Blitz Online Qual"]
[Site "Europe-Chess INT"]
[Date "2020.05.16"]
[Round "5"]
[White "Mataigne, Jean-Michel"]
[Black "Tuillier, Valentin"]
[Result "0-1"]
[WhiteElo "1900"]
[BlackElo "1607"]
[WhiteFideId "618250"]
[BlackFideId "36020800"]
[EventDate "2020.05.16"]

1. e4 c5 2. Nf3 Nc6 3. d3 Nf6 4. g3 d6 5. Bg2 Bg4 6. h3 Bh5 7. O-O e6 8. Re1 Be7
9. c3 Qc7 10. d4 cxd4 11. cxd4 O-O 12. Nc3 Qb6 13. g4 Bg6 14. d5 Na5 15. dxe6
fxe6 16. e5 dxe5 17. Nxe5 Nd5 18. Be3 Nxe3 19. Rxe3 Qd6 20. Qxd6 Bxd6 21. Rf1
Bf7 22. Nxf7 Kxf7 23. b3 Rac8 24. Ne4 Bf4 25. Rd3 Rc7 26. Nd6+ Bxd6 27. Rxd6 Ke7
28. Rfd1 b6 29. R1d3 Nb7 30. Bxb7 Rxb7 31. f3 Rc8 32. Kf2 Rc2+ 33. Rd2 Rbc7 34.
Kg3 Rc1 35. a4 g5 36. Kf2 R1c2 37. Ke3 R2c3+ 38. R2d3 h6 39. Ke4 R3c5 40. R6d4
R5c6 41. f4 gxf4 42. Kxf4 Rc5 43. h4 Rc1 44. g5 Rf1+ 45. Kg4 Rg1+ 46. Kh5 hxg5
47. hxg5 Rh1+ 48. Kg4 Rg1+ 49. Kf4 Rf1+ 50. Rf3 Rxf3+ 51. Kxf3 Rc3+ 52. Kg4 Rxb3
53. g6 Kf6 54. g7 Kxg7 55. Rd7+ Kf6 56. Rxa7 Rb4+ 57. Kf3 Ke5 58. Ke3 Rb3+ 59.
Kd2 Ke4 60. Re7 e5 61. Kd1 Ra3 62. Rb7 Rb3 63. Re7 Rb4 64. Rb7 Kd3 65. Rd7+ Kc3
66. Rc7+ Kb3 67. Re7 e4 68. Re5 Rxa4 69. Ke2 Kc3 70. Rb5 Rb4 71. Re5 Kd4 72. Re6
Rb2+ 73. Kd1 Ke3 74. Rd6 b5 75. Kc1 Rb4 76. Re6 Rc4+ 77. Kd1 b4 78. Rb6 Kd3 79.
Rd6+ Rd4 80. Rb6 e3 81. Rb5 e2+ 82. Ke1 Rc4 83. Rd5+ Ke4 84. Rd8 Ke3 85. Re8+
Re4 86. Rb8 Kd3 87. Rd8+ Kc2 88. Rc8+ Kb2 89. Rb8 b3 90. Rb7 Re3 91. Rb8 Kb1 92.
Rb7 b2 93. Rb8 Ka2 94. Ra8+ Ra3 95. Rb8 b1=Q+ 96. Rxb1 Kxb1 97. Kxe2 Rc3 98. Kd2
Rc7 99. Kd3 Kb2 100. Kd4 Rc1 101. Kd3 Rc7 102. Kd4 Kb3 103. Kd5 Kb4 104. Kd6 Rc1
105. Kd5 Rc2 106. Kd4 Rd2+ 107. Ke3 Rd8 108. Ke4 Kc5 109. Ke5 Re8+ 110. Kf6 Kd5 0-1

[Event "ch-FRA Blitz Online Qual"]
[Site "Europe-Chess INT"]
[Date "2020.05.16"]
[Round "5"]
[White "Goulesque, Camille"]
[Black "Trevisiol, Antoine"]
[Result "0-1"]
[WhiteElo "1899"]
[BlackElo "1788"]
[WhiteFideId "26086140"]
[BlackFideId "45136530"]
[EventDate "2020.05.16"]

1. d4 Nf6 2. c4 c5 3. d5 b5 4. Bg5 bxc4 5. Nc3 g6 6. e4 d6 7. Bxc4 Bg7 8. Nf3
O-O 9. O-O Bg4 10. h3 Bxf3 11. Qxf3 Nbd7 12. Qd1 Ne5 13. Be2 Rb8 14. f4 Ned7 15.
Nb5 a6 16. Na7 Qb6 17. Nc6 Rbe8 18. Qc2 h6 19. Bh4 Nb8 20. Nxb8 Rxb8 21. b3 c4+
22. Bf2 cxb3 23. axb3 Qxb3 24. Qd3 Qxd3 25. Bxd3 Rb6 26. Bxb6 Rb8 27. Bd4 Rb4
28. Bxf6 Bxf6 29. Rxa6 Rb3 30. Rf3 Rb2 31. Ra8+ Kg7 32. Ra7 Bd4+ 33. Kh2 Bxa7
34. e5 dxe5 35. fxe5 Bd4 36. e6 f6 37. Rf1 Be5+ 38. Kh1 Rd2 39. Be4 Rd4 40. Bf3
f5 41. g4 Kf6 42. gxf5 gxf5 43. Rb1 Rd3 44. Bg2 Bd6 45. Rf1 Kg5 46. h4+ Kxh4 47.
Rxf5 Rd1+ 48. Rf1 Rd2 49. Rb1 Kg3 50. Rb3+ Kf4 51. Rf3+ Kg5 52. Rh3 h5 53. Rf3
Kg4 54. Rf1 h4 55. Bf3+ Kg3 56. Bh5 Rh2+ 57. Kg1 Bc5+ 58. Rf2 Bxf2+ 59. Kf1 Bc5
60. Ke1 h3 61. d6 Bxd6 62. Kf1 Ra2 63. Bd1 h2 64. Bf3 Kxf3 65. Ke1 h1=R# 0-1

[Event "ch-FRA Blitz Online Qual"]
[Site "Europe-Chess INT"]
[Date "2020.05.16"]
[Round "5"]
[White "Bonelli Maestracci, Pierre Joseph"]
[Black "Breuil, Tristan"]
[Result "0-1"]
[WhiteElo "1545"]
[BlackElo "1898"]
[WhiteFideId "45172870"]
[BlackFideId "45163685"]
[EventDate "2020.05.16"]

1. e4 Nf6 2. e5 Nd5 3. d4 d6 4. exd6 cxd6 5. Nf3 g6 6. Bd3 Bg7 7. c3 O-O 8. O-O
Nc6 9. Be3 Nb6 10. Nbd2 e5 11. dxe5 dxe5 12. Be2 Be6 13. Nb3 Qc7 14. Qc1 Nd5 15.
Bh6 b6 16. Bxg7 Kxg7 17. Ng5 Rfe8 18. Bf3 Rad8 19. Rd1 Nce7 20. Nxe6+ fxe6 21.
Qc2 Rf8 22. Re1 Nc6 23. Rad1 Nf4 24. Rxd8 Rxd8 25. g3 Nd5 26. a3 Rf8 27. Bg2 Qf7
28. c4 Nde7 29. Re2 Nd4 30. Nxd4 exd4 31. Qe4 Qf6 32. Qxe6 Nf5 33. Qe4 Rd8 34.
Rd2 d3 35. Rxd3 Rxd3 36. Qxd3 Qxb2 37. Qd7+ Kh6 38. Qxa7 Qc1+ 39. Bf1 Nd4 40.
Qb7 Qxa3 41. Qd5 Nf5 42. Qd2+ Kg7 43. Qd7+ Kh6 44. h4 Qc3 45. Qc7 b5 46. c5 b4
47. Qf4+ Kg7 48. Qc7+ Kh6 49. c6 b3 50. Qf4+ Kg7 51. c7 b2 52. Qd6 Nxd6 53. Kg2
Qxc7 0-1

[Event "ch-FRA Blitz Online Qual"]
[Site "Europe-Chess INT"]
[Date "2020.05.16"]
[Round "5"]
[White "Delin, Valere"]
[Black "Bui, Christopher"]
[Result "1-0"]
[WhiteElo "2043"]
[BlackElo "1849"]
[WhiteFideId "45107254"]
[BlackFideId "45107998"]
[EventDate "2020.05.16"]

1. e4 c5 2. Nf3 d6 3. d4 cxd4 4. Nxd4 Nf6 5. Nc3 a6 6. Bg5 e6 7. f4 Be7 8. Qf3
Nbd7 9. O-O-O Qc7 10. Bd3 b5 11. Rhe1 Bb7 12. Qg3 O-O 13. e5 dxe5 14. fxe5 Nh5
15. Qg4 Bxg5+ 16. Qxg5 g6 17. g4 Ng7 18. h4 b4 19. Nb1 Rfd8 20. h5 Nxe5 21. Bxg6
Nxg6 22. hxg6 hxg6 23. Re2 Rac8 24. Qh4 Ne8 25. Rh2 Kf8 26. Rf1 Rxd4 27. Qh8+
Ke7 28. Rhf2 Rf4 29. c3 Rxf2 30. Rxf2 Qg3 31. Rf1 Qe3+ 32. Kc2 Qe2+ 33. Nd2 bxc3
34. bxc3 Be4+ 35. Kc1 Rxc3+ 36. Qxc3 Bd5 37. Qa3+ Kd7 38. Qa4+ Bc6 39. Qd4+ Nd6
40. Rxf7+ Ke8 41. Rf2 Qe1+ 42. Kc2 Ke7 43. Qf6+ Kd7 44. Qd4 Ke7 45. Rh2 Nf7 46.
Qb4+ Kd7 47. Qd4+ Ke7 48. Rh7 Ke8 49. g5 Qf1 50. Qc4 Qe1 51. Qxc6+ Ke7 52. Qc7+
Ke8 53. Qxf7+ 1-0

[Event "ch-FRA Blitz Online Qual"]
[Site "Europe-Chess INT"]
[Date "2020.05.16"]
[Round "5"]
[White "Bellahcene, Rayane"]
[Black "Vie, Maxence"]
[Result "1-0"]
[WhiteElo "2046"]
[BlackElo "1648"]
[WhiteFideId "678392"]
[BlackFideId "45150168"]
[EventDate "2020.05.16"]

1. d4 f5 2. Nf3 Nf6 3. Qd3 g6 4. h4 h6 5. h5 g5 6. Qxf5 Rg8 7. Qd3 d6 8. Nc3 Be6
9. d5 Bf7 10. e4 Nbd7 11. Be3 c6 12. O-O-O Rc8 13. Kb1 cxd5 14. exd5 Nc5 15.
Bxc5 Rxc5 16. Qe3 Ng4 17. Qe1 Bg7 18. Nd4 Bxd5 19. Nxd5 Rxd5 20. Bc4 Rxd4 21.
Bxg8 Rxd1+ 22. Qxd1 Nxf2 23. Bf7+ Kd7 24. Be6+ Ke8 25. Qf3 Bf6 26. Qxf2 Qa5 27.
Qf5 Qb4 28. Bb3 Qd4 29. c3 Qc5 30. Qg6+ Kd7 31. Rd1 a5 32. Qxh6 b5 33. Qg6 a4
34. Bc2 b4 35. Qf5+ e6 36. Qxc5 1-0

[Event "ch-FRA Blitz Online Qual"]
[Site "Europe-Chess INT"]
[Date "2020.05.16"]
[Round "5"]
[White "De Smet, Fabrice"]
[Black "Bosc, Gabriel"]
[Result "0-1"]
[WhiteElo "1520"]
[BlackElo "1994"]
[WhiteFideId "45129657"]
[BlackFideId "26086743"]
[EventDate "2020.05.16"]

1. e4 c5 2. Nc3 Nc6 3. g3 g6 4. Bg2 Bg7 5. Nge2 d6 6. d3 e6 7. O-O Bd7 8. Be3
Nge7 9. d4 cxd4 10. Nxd4 O-O 11. Nxc6 Nxc6 12. f4 Qe7 13. Qe2 Rfd8 14. Rfd1 Be8
15. a3 Rac8 16. Rab1 f5 17. exf5 exf5 18. Nb5 Bf7 19. Nd4 Nxd4 20. Qd3 Bc4 21.
Qxd4 Bxd4 22. Rxd4 0-1